[Event "AUT-chT2W 1112"]
[Site "Austria"]
[Date "2012.03.09"]
[Round "9.4"]
[White "Jedlicka, Robert"]
[Black "Pitschka, Claus"]
[Result "0-1"]
[WhiteElo "1977"]
[BlackElo "2235"]
[PlyCount "104"]
[EventDate "2011.10.07"]
[EventType "team-tourn"]
[EventRounds "11"]
[EventCountry "AUT"]
[SourceTitle "EXT 2013"]
[Source "ChessBase"]
[SourceDate "2012.11.22"]
[SourceVersion "1"]
[SourceVersionDate "2012.11.22"]
[SourceQuality "1"]
[WhiteTeam "Hohenems II"]
[BlackTeam "Kufstein/Woergl"]
[WhiteTeamCountry "AUT"]
[BlackTeamCountry "AUT"]

1. d4 d5 2. c4 c6 3. Nf3 Nf6 4. Nc3 a6 5. cxd5 cxd5 6. Bf4 Nc6 7. e3 Bg4 8. Be2 e6 9. Ne5 Bxe2 10. Qxe2 Rc8 11. 0-0 Be7 12. Rac1 0-0 13. h3 Nxe5 14. Bxe5 Nd7 15. Bf4 Qa5 16. e4 dxe4 17. Qxe4 Qb4 18. d5 Qxe4 19. Nxe4 exd5 20. Nd6 Bxd6 21. Bxd6 Rfe8 22. Rxc8 Rxc8 23. Rd1 Nf6 24. Be7 Rc2 25. Bxf6 gxf6 26. Rxd5 Rxb2 27. a4 Kg7 28. g4 Rb4 29. Rd7 f5 30. gxf5 Kf6 31. Kg2 a5 32. Kg3 b6 33. f3 h5 34. f4 Rxa4 35. Rd6+ Kxf5 36. Rxb6 h4+ 37. Kxh4 Kxf4 38. Kh5 f5 39. h4 Ke5 40. Rb5+ Ke4 41. Kg5 f4 42. h5 Ra1 43. Kg6 f3 44. Rf5 a4 45. h6 Rg1+ 46. Kf6 Rh1 47. Ra5 Rxh6+ 48. Kg5 Rd6 49. Rxa4+ Ke3 50. Ra3+ Ke2 51. Ra2+ Rd2 52. Ra8 f2 0-1